000 00575cam a22002053a 4500
001 45530
003 PGUSA
005 20140828084043.0
008 140429s2014||||xxu|||||s|||||000 | eng d
040 _aPGUSA
_beng
042 _adc
100 1 _aGrove, Harriet Pyne
245 1 4 _aThe Secret of Steeple Rocks
_h[electronic resource] /
_cHarriet Pyne Grove
260 _bProject Gutenberg,
_c2014
506 _aPublic domain in the USA.
516 _aElectronic text
830 0 _aProject Gutenberg
_v45530
856 4 0 _uhttp://www.gutenberg.org/ebooks/45530
942 _cEB
999 _c274781
_d274781